000 00247nam a2200097Ia 4500
001 758663
005 20250826164901.0
008 250824s9999 xx 000 0 und d
245 0 _aBALIK İZLERİNİN SESİ
_cBUKET UZUNER
260 _bEVEREST YAYINLARI
999 _c758663
_d758663